00420nam a2200157Ia 4500008004100000020001800041050001400059100002000073245002900093245004600122260002600168260002000194260000900214300001400223300002500237180207s9999 xx 000 0 und d a9789715084550 bL479 2013 aLee, Marcy Dans aMaylan and his toy top / cretold and illustrated by Marcy Dans Lee. aManila, Philippines : bMarcy Dans Lee, c2013 aunpaged : bcolor illustration ;